The Dawn of Modern Cosmology from Copernicus to Newton (Record no. 4186)
[ view plain ]
| 000 -LEADER | |
|---|---|
| fixed length control field | 00380nam a22001457a 4500 |
| 008 - FIXED-LENGTH DATA ELEMENTS--GENERAL INFORMATION | |
| fixed length control field | 250708b |||||||| |||| 00| 0 eng d |
| 020 ## - INTERNATIONAL STANDARD BOOK NUMBER | |
| ISBN | 9780241360637 |
| 100 ## - MAIN ENTRY--AUTHOR | |
| Author | Rotham Aviva |
| 245 ## - TITLE STATEMENT | |
| Title | The Dawn of Modern Cosmology from Copernicus to Newton |
| 260 ## - PUBLICATION, DISTRIBUTION, ETC. (IMPRINT) | |
| Place of publication | Dublin |
| Name of publisher | Penguin Books |
| Date of publication | 2023 |
| 300 ## - COLLATION | |
| Pagination | 616p. |
| 650 ## - TRACINGS | |
| Main Subject | Asfronomy |
| 942 ## - ADDED ENTRY ELEMENTS (KOHA) | |
| Item type | Books |
| 050 ## - LIBRARY OF CONGRESS CALL NUMBER | |
| Classification number | QB 981 |
| Item number | .R68 |
| Source of classification or shelving scheme | Not for loan | Permanent location | Current location | Date acquired | Accession No. | Full call number | Barcode. | Koha item type |
|---|---|---|---|---|---|---|---|---|
| Library of Congress Classification | Samuel Ogbemudia Main Library, University of Abuja | Samuel Ogbemudia Main Library, University of Abuja | 07/08/2025 | 2024/63572 | QB 981.R68 | 2025-2931 | Books |